Tomás no reino dos brinquedos (Registo nº 4616)

Detalhes MARC
000 -Etiqueta do registo
Cabeçalho 00748nam0a2200241 4500
005 - Identificador da versão
Campo de controlo 20240905122514.0
010 ## - Número internacional normalizado dos livros (ISBN)
Número (ISBN) 9727301398
021 ## - Número do Depósito Legal
Código do país PT
Número 147449/2000
100 ## - Dados gerais de processamento
Dados gerais de processamento 20170519d2000 a y0pory5003 ba
101 1# - Língua de publicação
Língua do texto, banda sonora, etc. Português
Língua do documento no original Japonês
102 ## - Pais de publicação ou produção
País de publicação Portugal
200 1# - Titulo e menção de responsabilidade
Título próprio Tomás no reino dos brinquedos
Informação de outro título um livro sobre como cuidar dos nossos brinquedos
Primeira menção de responsabilidade [história original de Keiko Yoshida
Outras menções de responsabilidade il. Yuko Imoue]
210 ## - Publicação, Distribuição, etc. 
Lugar da edição, distribuição, etc. [Portugal
Nome do editor, distribuidor, etc. Marus ed.
Data da publicação, distribuição, etc. D. L. 2000]
215 ## - Descrição física 
Indicação específica da natureza do documento e extensão da espécie 32, [2] p.
Outras indicações físicas il. color
225 1# - Colecção 
Título próprio da colecção Biblioteca de valores
606 ## - Nome comum usado como assunto
Número de registo de entrada de autoridade 0001491
Palavra de ordem Literatura japonesa
Subdivisão de assunto Conto
Código do sistema CA
675 ## - Classificação Decimal Universal (CDU)
Notação 821.521-34
Edição 3ª ed.
Língua da edição por
700 #1 - Nome de autor-pessoa física (responsabilidade principal)
Número de registo de entrada de autoridade 0001883
Palavra de ordem Yoshida
Outra parte do nome não tomada para palavra de ordem Keiko
702 #1 - Nome de autor-pessoa física (responsabilidade secundária)
Número de registo de entrada de autoridade 0001884
Palavra de ordem Imoue
Outra parte do nome não tomada para palavra de ordem Yuko
Código de função Ilustrador / Técnico de desenho computorizado
942 ## - Elementos de entrada adicionados (Koha)
Tipo de item no Koha Livro
966 ## - Identificação da Biblioteca
Sigla EBVEN
Exemplares
Situação do levantamento Origin of item (home branch) (coded) Biblioteca de empréstimo Código de barras Cota Circulation type (not for loan) Tipo de documento Nota do exemplar Damaged status
  Biblioteca Escolar das Vendas Biblioteca Escolar das Vendas BEV1473 8EST YOS   Livro Sem mensagem